00944cam a2200241 a 450000100100000000500170001000800410002702000150006804000250008308200180010810000330012624500340015926000400019330000200023349000270025358600820028065000290036265000310039165000270042295201160044995201220056599900150068700001011220200929161841.0960510s1994 sp 001 p spa  a8475223141 aDO-SdBNPbspacBNPHU a861.64bL966c1 aLuque, Aurora,d1962-92511010aCarpe noctem /cAurora Luque. aMadrid, (España) :bVisor,c1994. a68 p. ;c20 cm.1 aVisor de poesíav314 aPremio Rey Juan Carlos I de Poesía 1992 del Excmo Ayuntamiento de Marbella. 4aPoesía española9631 4aLiteratura española9632 4aPoesía amorosa99227 001050718MOaGRbGRcHDd2009-10-03iLF1l0o861.64 L966cp10112-10r2020-06-25w2020-06-25y1ZNo se presta 001150718MOaGRbGRcMId2017-05-29iLF1l0o861.64 L966cp10112-20r2020-06-25te. 2w2020-06-25y1ZNo se presta c9871d9871